ბათუმის შოთა რუსთაველის სახელმწიფო უნივერსიტეტის ბიბლიოთეკა

საზღვარგარეთის ქვეყნების უახლესი ისტორია. ნაწ. 2 : 1945-1974 წწ.. ნაკვ. 1 : (ბიბ.ჩანაწერი № 56218)

000 -ლიდერი
ფიქსირებული სიგრძის საკონტროლო ველი 01219nam a2200217Ia 4500
001 - საკონტროლო ნომერი
საკონტროლო ველი 23319
003 - საკონტროლო ნომრის იდენტიფიკატორი
საკონტროლო ველი GE_BSU
005 - ბოლო ოპერაციის თარიღი და დრო
საკონტროლო ველი 20251222151037.0
008 - ფიქსირებული სიგრძის მონაცემთა ელემენტები - ზოგადი ინფორმაცია
ფიქსირებული სიგრძის საკონტროლო ველი 181216s||||||||xx |||||||||||||| ||und||
040 ## - კატალოგიზაციის წყარო
Transcribing agency GE_BSU
080 ## - უნივერსალური ათობითი კლასიფიკაციის ინდექსი
Universal Decimal Classification number 94(100)"1918/..."(075.8)
100 ## - მთავარი ჩანაწერი - პიროვნების სახელი
Personal name ნანიტაშვილი, ნ.
9 (RLIN) 1456
245 ## - ცნობა სათაურის შესახებ
Title საზღვარგარეთის ქვეყნების უახლესი ისტორია. ნაწ. 2 : 1945-1974 წწ.. ნაკვ. 1 :
Remainder of title დამხმ. სახელმძღვ. პედ. ინ-ტების არასპეციალური ფაკ-ტების სტუდენტებისათვის /
Statement of responsibility, etc ნ. ნანიტაშვილი ; რედ. შ. მეგრელიძე.
264 ## - წარმოების, გამოცემის, დისტრიბუციის და სხვა ცნობები
გამოცემის, წარმოების, დისტრიბუციის... ადგილი თბილისი :
გამოცემის, წარმოების, დისტრიბუციის... სახელწოდება განათლება,
გამოცემის, წარმოების, დისტრიბუციის... თარიღი 1976.
300 ## - ფიზიკური აღწერა
Extent 440 გვ. ;
Dimensions 27 სმ.
653 ## - INDEX TERM--UNCONTROLLED
Uncontrolled term საზღვარგარეთის ქვეყნების უახლესი ისტორია
653 ## - INDEX TERM--UNCONTROLLED
Uncontrolled term უახლესი ისტორია
700 ## - ADDED ENTRY--PERSONAL NAME
Personal name მეგრელიძე, შ.
Relator term რედაქტორი
9 (RLIN) 26532
942 ## - ADDED ENTRY ELEMENTS (KOHA)
Koha item type წიგნი
Source of classification or shelving scheme
ეგზემპლარები
ჩამოწერის სტატუსი დაკარგული ეგზემპლარის სტატუსი კლასიფიკაციის წყარო ან თაროზე გაწყობის სქემა დაზიანების სტატუსი არ გაიცემა მუდმივი მდებარეობა (დაცვის ადგილი) ამჟამინდელი ადგილსამყოფელი თაროზე განთავსების ადგილი შეძენის თარიღი ღირებულება, შესყიდვის ნორმალური ფასი სრული შენახვის შიფრი შტრიხკოდი ბოლო ოპერაციის თარიღი ეგზემპლარის მიმდევრობითი ნომერი (კეტერი?) ფასის ძალაში შესვლის თარიღი ეგზემპლარის სახეობა საჯარო შენიშვნა
          ბათუმის შოთა რუსთაველის სახელმწიფო უნივერსიტეტის მთავარი ბიბლიოთეკა ბათუმის შოთა რუსთაველის სახელმწიფო უნივერსიტეტის მთავარი ბიბლიოთეკა წიგნსაცავი 2018-12-17 1.72 94(100) 28319 2018-12-17 28319 2018-12-17 წიგნი 1.72 ₾.